| 000 | 00465nam a2200169 a 4500 | ||
|---|---|---|---|
| 005 | 20140412111422.0 | ||
| 008 | 080122s19uu xx 00 eng d | ||
| 020 | _a978-971-0417-47-6 | ||
| 050 |
_aTR(GS 421 _bSo8 2007 |
||
| 245 | _aSound Patterns. | ||
| 260 |
_aPhilippines : _bStraight Lines International, _c2007. |
||
| 440 | _aJunior Academic Series | ||
| 500 | _aPreschool. vol.1 | ||
| 650 | _aConsonants | ||
| 650 | _aLetter and sounds | ||
| 999 |
_c106076 _d106076 |
||